[Event "Mechanics' Winter TNM; 30/90, SD/30"]
[Site "San Francisco"]
[Date "2015.01.13"]
[Round "2.8"]
[White "Tsodikova, Natalya"]
[Black "Chea, Na"]
[Result "1/2-1/2"]
[WhiteElo "2170"]
[BlackElo "1533"]
[PlyCount "104"]
[EventDate "2015.??.??"]

1. e4 c6 2. d4 d5 3. exd5 cxd5 4. Bd3 Nf6 5. c3 e6 6. Bf4 Qb6 7. Qb3 Qxb3 8.
axb3 Bd7 9. Bxb8 Rxb8 10. Rxa7 Bd6 11. Nf3 O-O 12. Ne5 Bc6 13. O-O Ra8 14. Nxc6
bxc6 15. Rxa8 Rxa8 16. Nd2 Ra2 17. Rb1 c5 18. dxc5 Bxc5 19. b4 Bd6 20. Nb3 Ra8
21. Nc5 Kf8 22. g3 h6 23. f3 Ke7 24. Kf2 Ra7 25. Ke3 Nd7 26. Nb3 e5 27. Na5 Ke6
28. Nc6 Ra8 29. g4 g6 30. c4 d4+ 31. Kd2 Nb8 32. b5 Nxc6 33. bxc6 Bb4+ 34. Kc2
Kd6 35. Be4 Ra7 36. Rg1 Bc5 37. Rg3 Ra8 38. Rh3 Rh8 39. Bd5 f6 40. Be4 Kc7 41.
Bxg6 Kxc6 42. Rh5 Be7 43. Be4+ Kc5 44. Bd5 Kb4 45. Rf5 Rh7 46. f4 exf4 47. Rxf4
h5 48. g5 fxg5 49. Rxd4 g4 50. Rd3 Rh6 51. Rb3+ Kc5 52. Rb5+ Kd4 1/2-1/2

[Event "Mechanics' Leighton Allen TNM; G/2"]
[Site "San Francisco"]
[Date "2015.08.25"]
[Round "4.1"]
[White "Tsodikova, Natalya"]
[Black "Critelli, James Ma"]
[Result "0-1"]
[WhiteElo "2164"]
[BlackElo "2376"]
[PlyCount "60"]
[EventDate "2015.??.??"]

1. e4 c5 2. Nf3 d6 3. d3 Nc6 4. g3 g6 5. c3 Bg4 6. Bg2 Bg7 7. h3 Bxf3 8. Bxf3
e6 9. O-O Nge7 10. Be3 O-O 11. Qd2 Rc8 12. Na3 d5 13. Be2 d4 14. Bh6 dxc3 15.
bxc3 Bxh6 16. Qxh6 Qa5 17. Qc1 b5 18. Qb2 b4 19. cxb4 Nxb4 20. Nc4 Qd8 21. Rfd1
Nbc6 22. Bf1 Nd4 23. Bg2 Nec6 24. Qd2 e5 25. Ne3 f6 26. Rac1 Qa5 27. Qxa5 Nxa5
28. Kf1 Kg7 29. Rc3 Nb5 30. Rc2 Rfd8 {remaining moves unavailable.} 0-1

[Event "Mechanics' Spring TNM; G/2"]
[Site "San Francisco"]
[Date "2015.04.28"]
[Round "7.6"]
[White "Tsodikova, Natalya"]
[Black "Drane, Robert"]
[Result "1-0"]
[WhiteElo "2175"]
[BlackElo "1800"]
[Annotator "Winslow,Elliott"]
[PlyCount "69"]
[EventDate "2015.??.??"]

1. e4 Nf6 2. e5 Nd5 3. c4 Nb6 4. c5 Nd5 5. Nc3 e6 (5... c6) 6. Nxd5 exd5 7. d4
b6 8. Be3 Na6 $6 (8... bxc5 9. dxc5 c6 10. b4 (10. Bd3 Na6 11. Rc1 Nb4 $1 12.
Bb1 Nxa2 $1) 10... Ba6 $1 11. Ne2 $5 Be7 12. g3 O-O 13. Bh3 Bc4 $1 14. Nd4 Na6
(14... a5 $1 15. a3 Na6)) 9. Rc1 bxc5 10. dxc5 c6 11. Qa4 Nc7 12. Nf3 Be7 13.
Bd3 f6 $2 (13... a5) 14. Qh4 (14. Qg4 $1) 14... f5 15. Qh3 g6 16. Bxf5 $1 (16.
Bh6) 16... O-O $1 17. Bd3 Ne6 18. O-O Nf4 19. Bxf4 Rxf4 20. Qh6 Rf7 $2 (20...
Qf8) 21. Qd2 a5 22. Rfe1 a4 23. b4 axb3 24. axb3 Ba6 25. Bxa6 Rxa6 26. b4 Ra3
27. Ra1 Rxa1 28. Rxa1 Rf5 29. Ra7 Kf7 30. e6+ dxe6 31. Nd4 Qf8 32. Nxf5 exf5
33. Qe3 Qd8 34. Qe5 d4 35. Kf1 1-0

[Event "Mechanics' Leighton Allen TNM; G/2"]
[Site "San Francisco"]
[Date "2015.08.04"]
[Round "1.7"]
[White "Tsodikova, Natalya"]
[Black "Furukawa, Jon"]
[Result "1-0"]
[WhiteElo "2164"]
[BlackElo "1603"]
[PlyCount "111"]
[EventDate "2015.??.??"]

1. e4 e5 2. Nf3 Nc6 3. Bc4 Bc5 4. Nc3 Nf6 5. d3 O-O 6. Bg5 h6 7. Bh4 Be7 8. h3
d6 9. Bxf6 Bxf6 10. Qd2 Na5 11. O-O-O Nxc4 12. dxc4 b6 13. g4 Be6 14. Nd5 Bxd5
15. Qxd5 Qe7 16. Kb1 Rac8 17. Qd3 Bg5 18. h4 Bf4 19. Ng1 Qe6 20. f3 Rfd8 21.
Ne2 c6 22. Rhg1 f6 23. Nxf4 exf4 24. g5 fxg5 25. hxg5 hxg5 26. Rxg5 Rc7 27. e5
Rcd7 28. Rh1 dxe5 29. Qh7+ Kf8 30. Kc1 Qh6 31. Rf5+ Ke7 32. Rxe5+ Kf7 33. Rf5+
Ke7 34. Re1+ Kd6 35. Qxh6+ gxh6 36. Rxf4 Kc7 37. b3 Rh8 38. Re6 h5 39. Rh4 Rf7
40. f4 Rhf8 41. Re4 Kd6 42. Kd2 Rf5 43. Ke3 Rg8 44. Rh1 Rg2 45. Rd1+ Kc7 46. a3
a5 47. c3 Rg3+ 48. Kd2 b5 49. b4 axb4 50. axb4 Kb6 51. c5+ Kc7 52. Ke2 Rxc3 53.
Re7+ Kc8 54. Ra1 Kd8 55. Rg7 Rf8 56. Ra8# 1-0

[Event "Mechanics' Spring TNM; G/2"]
[Site "San Francisco"]
[Date "2015.03.31"]
[Round "3.5"]
[White "Tsodikova, Natalya"]
[Black "Klinetobe, David"]
[Result "1-0"]
[WhiteElo "2175"]
[BlackElo "2008"]
[PlyCount "67"]
[EventDate "2015.??.??"]

1. e4 e6 2. d3 d5 3. Nd2 Nf6 4. Ngf3 Bc5 5. e5 Nfd7 6. g3 O-O 7. Bg2 f6 8. d4
Bb6 9. O-O Nc6 10. exf6 Nxf6 11. c3 Qe7 12. Qe2 Bd7 13. b4 Nd8 14. a4 c6 15.
Ne5 Nf7 16. Nxd7 Qxd7 17. f4 a5 18. Nb3 axb4 19. cxb4 Qd6 20. Nc5 Rfe8 21. Be3
Bxc5 22. bxc5 Qc7 23. Qb2 Nh6 24. Rfb1 Reb8 25. Bh3 Qf7 26. a5 Nf5 27. Bf2 Qh5
28. Bg2 Qf7 29. a6 bxa6 30. Qxb8+ Rxb8 31. Rxb8+ Ne8 32. Rxa6 Qd7 33. Raa8 Kf7
34. Rxe8 1-0

[Event "Mechanics' Spring TNM; G/2"]
[Site "San Francisco"]
[Date "2015.03.17"]
[Round "1.6"]
[White "Tsodikova, Natalya"]
[Black "LaGrotta, Daniel"]
[Result "1-0"]
[WhiteElo "2175"]
[BlackElo "1592"]
[Annotator "Donaldson"]
[PlyCount "51"]
[EventDate "2015.??.??"]

1. e4 c6 2. d4 d5 3. exd5 cxd5 4. Bd3 Nf6 5. c3 Bg4 6. Qb3 Qc7 7. Bg5 Nbd7 8.
Nd2 e6 9. Ngf3 Be7 10. O-O O-O 11. Rfe1 Nb6 12. Ne5 Bh5 13. Rac1 Bg6 14. Bxg6
hxg6 15. Qd1 Nh7 16. Bf4 Bg5 17. Bxg5 Nxg5 18. Qg4 Qe7 19. f4 Nh7 20. Re3 Qf6
21. Rh3 Rfd8 {Diagram [#]} 22. Nxf7 $1 Kxf7 (22... Qxf7 23. Qh4) 23. Rxh7 Rh8
24. Rxh8 Rxh8 25. Nf3 Rh6 26. Ng5+ 1-0

[Event "Mechanics' Leighton Allen TNM; G/2"]
[Site "San Francisco"]
[Date "2015.08.18"]
[Round "3.5"]
[White "Tsodikova, Natalya"]
[Black "Marcus, Joel"]
[Result "1-0"]
[WhiteElo "2164"]
[BlackElo "1815"]
[Annotator "Donaldson"]
[PlyCount "71"]
[EventDate "2015.??.??"]

1. d4 d5 2. Nf3 Nf6 3. g3 c6 4. Bg2 Nbd7 5. O-O e6 6. c4 Bd6 7. Nfd2 O-O 8. Nc3
Re8 9. Qc2 (9. e4) 9... e5 10. dxe5 Bxe5 11. cxd5 Bxc3 12. dxc6 Bxd2 13. cxd7
Qxd7 14. Bxd2 Rxe2 15. Rad1 Qb5 16. a4 Qh5 17. Qc7 Bh3 18. Bc3 Bxg2 19. Kxg2
Nd5 20. Qxb7 Ne3+ 21. Kg1 Rf8 22. Bd4 Nxd1 23. Rxd1 Rxf2 24. Kxf2 Qxd1 25. Qxa7
Re8 26. Be3 Qc2+ 27. Kf3 h6 28. Qd4 Re6 29. h4 Rf6+ 30. Bf4 Qb3+ 31. Ke2 Re6+
32. Kd2 Qb7 33. a5 Qg2+ 34. Kc3 Qf3+ 35. Kc2 Re2+ 36. Bd2 {
and White went on to win this crazy game. Remaining moves are unavailable.} 1-0

[Event "Mechanics' Spring TNM; G/2"]
[Site "San Francisco"]
[Date "2015.04.07"]
[Round "4.1"]
[White "Tsodikova, Natalya"]
[Black "Shaw, Tenzing"]
[Result "0-1"]
[WhiteElo "2175"]
[BlackElo "2255"]
[PlyCount "76"]
[EventDate "2015.??.??"]

1. e4 e6 2. d3 d5 3. Nd2 c5 4. Ngf3 Nc6 5. g3 Bd6 6. Bg2 Nge7 7. O-O O-O 8. Re1
Qc7 9. c3 Bd7 10. Qe2 f6 11. Nf1 d4 12. N3d2 e5 13. Nc4 b5 14. Nxd6 Qxd6 15. f4
exf4 16. gxf4 f5 17. e5 Qc7 18. Nd2 Rab8 19. Nf3 Qb6 20. Qf2 Be6 21. cxd4 cxd4
22. Bd2 Rfd8 23. Qh4 h6 24. Qh5 a5 25. Kh1 b4 26. Rg1 Bf7 27. Qh3 Qb5 28. Nh4
Be6 29. Be4 Rf8 30. Ng6 Rf7 31. Nxe7+ Nxe7 32. Qxh6 fxe4 33. Qxe6 Rb6 34. Qg4
e3 35. Be1 Qxd3 36. Qf3 Rg6 37. Bh4 Rxg1+ 38. Rxg1 Qc4 {3 more moves and} 0-1

[Event "Mechanics' Winter TNM; 30/90, SD/30"]
[Site "San Francisco"]
[Date "2015.02.10"]
[Round "6.12"]
[White "Tsodikova, Natalya"]
[Black "Sherwood, Peter"]
[Result "1-0"]
[WhiteElo "2170"]
[BlackElo "1669"]
[PlyCount "77"]
[EventDate "2015.??.??"]

1. e4 c5 2. Nc3 Nc6 3. d3 Nf6 4. g3 d6 5. Bg2 e6 6. Nge2 Be7 7. O-O O-O 8. f4
Qc7 9. h3 a6 10. a4 Rb8 11. g4 h6 12. Ng3 Nh7 13. Nh5 g6 14. Ng3 Bf6 15. Be3
Bd4 16. Qd2 Bxe3+ 17. Qxe3 Nd4 18. Rf2 Kg7 19. Raf1 f5 20. Nd1 fxg4 21. hxg4
Bd7 22. c3 Nc6 23. f5 Ne5 24. Qe2 Nf6 25. Ne3 exf5 26. gxf5 g5 27. Nh5+ Nxh5
28. Qxh5 Qd8 29. d4 Be8 30. Qd1 Nd7 31. Nd5 Nf6 32. e5 Nxd5 33. Bxd5 dxe5 34.
dxe5 Bc6 35. f6+ Kh8 36. Qh5 Qc7 37. Qxh6+ Qh7 38. Qxh7+ Kxh7 39. c4 1-0

[Event "Mechanics' Winter TNM; 30/90, SD/30"]
[Site "San Francisco"]
[Date "2015.01.20"]
[Round "3.10"]
[White "Tsodikova, Natalya"]
[Black "Steger, Eric"]
[Result "0-1"]
[WhiteElo "2170"]
[BlackElo "1973"]
[PlyCount "104"]
[EventDate "2015.??.??"]

1. e4 e5 2. Nf3 Nc6 3. Bc4 Be7 4. d4 d6 5. d5 Nb8 6. O-O Nf6 7. Bd3 O-O 8. c4
Nbd7 9. Nc3 Nc5 10. Bc2 a5 11. h3 h6 12. Be3 b6 13. a3 Nh7 14. b4 Nd7 15. Nd2
Bg5 16. Qe2 Ndf6 17. Nb3 Ne8 18. c5 bxc5 19. bxc5 Qf6 20. a4 Qg6 21. Kh1 Bxe3
22. Qxe3 Ng5 23. Rac1 Nf6 24. Rfe1 Nh5 25. Ne2 Ba6 26. Ng3 Nf4 27. Nxa5 Bc8 28.
Nc6 Re8 29. h4 Nh7 30. cxd6 cxd6 31. Bd1 Qf6 32. h5 Qh4+ 33. Kg1 Qg5 34. Nb4
Nf6 35. Rc6 g6 36. Rxd6 gxh5 37. Rxf6 Qxf6 38. Ne2 Kh8 39. Nxf4 exf4 40. Qe2
Bg4 41. Qd2 Rg8 42. f3 Bh3 43. Re2 Qb6+ 44. Kh2 Qg6 45. Nd3 Qg3+ 46. Kh1 {
Diagram #} Bxg2+ 47. Rxg2 Qh3+ 48. Kg1 Rxg2+ 49. Qxg2 Rg8 50. Nxf4 Rxg2+ 51.
Nxg2 Qg3 52. Kf1 h4 0-1

[Event "Mechanics' Fall TNM; G/2"]
[Site "San Francisco"]
[Date "2015.12.01"]
[Round "7.2"]
[White "Tsodikova, Natalya"]
[Black "Traub, Igor Vladim"]
[Result "0-1"]
[WhiteElo "2164"]
[BlackElo "2096"]
[PlyCount "92"]
[EventDate "2015.??.??"]

1. d4 d5 2. Nf3 Nf6 3. c4 e6 4. g3 Bb4+ 5. Nbd2 O-O 6. Bg2 c5 7. dxc5 Bxc5 8.
O-O Nc6 9. a3 a5 10. Qc2 Qe7 11. b3 d4 12. Ne4 Nxe4 13. Qxe4 f5 14. Qc2 e5 15.
h4 f4 16. Ng5 Bf5 17. Be4 h6 18. Bxf5 hxg5 19. hxg5 Qxg5 20. Be6+ Kh8 21. Kg2
g6 22. Bd2 Kg7 23. Rh1 Rh8 24. Qe4 Rxh1 25. Rxh1 Bxa3 26. Bd5 Rf8 27. Bxc6 bxc6
28. Bxa5 fxg3 29. fxg3 Qf6 30. Be1 Bb4 31. Qh4 Qxh4 32. gxh4 Bxe1 33. Rxe1 Rf4
34. Kg3 Kf6 35. e3 Re4 36. Rf1+ Ke6 37. exd4 exd4 38. Rf3 c5 39. Rf8 Re3+ 40.
Rf3 Ke5 41. Kg4 Ke4 42. Rf4+ Kd3 43. Rf6 Kc2 44. Kf4 Rxb3 45. Rd6 Rh3 46. Kg4
Rh1 0-1

[Event "Mechanics' Summer TNM; G/2"]
[Site "San Francisco"]
[Date "2015.06.09"]
[Round "3.2"]
[White "Tsodikova, Natalya"]
[Black "Uzzaman, Ashik"]
[Result "0-1"]
[WhiteElo "2168"]
[BlackElo "2027"]
[PlyCount "116"]
[EventDate "2015.??.??"]

1. e4 c5 2. Nc3 g6 3. d3 Bg7 4. Be3 d6 5. Qd2 Nc6 6. Nge2 a6 7. a4 Bd7 8. g3
Nd4 9. Bg2 Bg4 10. Bxd4 cxd4 11. Nd5 e6 12. f3 Bxf3 13. Bxf3 exd5 14. exd5 Qb6
15. O-O Ne7 16. a5 Qc5 17. b4 Qb5 18. Qf4 Be5 19. Qe4 O-O 20. g4 f5 21. gxf5
Nxf5 22. Bg4 Rae8 23. Bxf5 gxf5 24. Qh4 Qxd5 25. Nf4 Qc6 26. Rf2 Rf7 27. Rg2+
Rg7 28. Rxg7+ Kxg7 29. Qg5+ Kh8 30. Qxf5 Rg8+ 31. Kf2 Qxc2+ 32. Ne2 Qc8 33.
Qxc8 Rxc8 34. h4 Rc2 35. Rb1 Kg7 36. b5 Ra2 37. bxa6 bxa6 38. Rb4 Kf6 39. Kf3
Rxa5 40. Nxd4 Rd5 41. Nc6 Rxd3+ 42. Ke2 Ra3 43. Rb7 h6 44. Nb4 a5 45. Nc6 a4
46. Nxe5 dxe5 47. Rb6+ Kg7 48. Re6 Rh3 49. Rxe5 Rxh4 50. Ra5 Rb4 51. Kf3 Kg6
52. Kg3 Rb3+ 53. Kh4 a3 54. Kg4 h5+ 55. Kf4 h4 56. Ra6+ Kf7 57. Ra7+ Ke6 58.
Ra6+ Kd5 0-1

[Event "Mechanics' Leighton Allen TNM; G/2"]
[Site "San Francisco"]
[Date "2015.09.29"]
[Round "9.1"]
[White "Tsodikova, Natalya"]
[Black "Winslow, Elliott C"]
[Result "0-1"]
[WhiteElo "2164"]
[BlackElo "2328"]
[Annotator "Winslow, Elliott"]
[PlyCount "100"]
[EventDate "2015.??.??"]

1. d4 Nf6 2. c4 c5 3. d5 e6 4. Nc3 exd5 5. cxd5 d6 6. e4 g6 7. Nge2 Bg7 8. Ng3
O-O 9. Be2 a6 10. a4 Nbd7 11. O-O Ne8 $6 (11... Rb8 $5 12. Bg5 Qc7 (12... h6 $5
13. Be3 Ne8 14. Qd2 Kh7 15. f4 Nc7 16. e5) (12... Re8) 13. Qd2 Re8 14. Kh1 c4
15. f3 h5 16. Rfc1 Nh7 17. Bh6 Bh8 18. a5 b5 19. axb6 Nxb6 20. Be3 h4 21. Nf1
h3 22. gxh3 Nf6 23. Ng3 Nfd7 24. Ra5 Qd8 25. Rg1 Kh7 26. h4 Ne5 27. h5 Nd3 28.
Ra2 Qf6 29. hxg6+ fxg6 30. f4 Qh4 31. Bxd3 cxd3 32. Qxd3 Bg4 33. Rf1 Nd7 34.
Rf2 Nf6 35. Bd4 Rb4 36. Bxf6 Bxf6 37. Rxa6 Bd4 38. Rg2 Bh3 39. Nce2 Bc5 40. b3
Rbxe4 41. Nxe4 Rxe4 42. Qxe4 Qe1+ 43. Rg1 Bxg1 44. Qe7+ Kh6 45. Qg5+ Kh7 46.
Ra1 Qxa1 47. Qh4+ Kg7 48. Qxh3 Bc5+ 49. Kg2 Qd1 50. Qf3 Kh6 51. h4 Qd2 52. Kh3
Qd1 53. Kg4 Qc2 54. Ng3 Bf2 55. Qe2 Qc8+ 56. Qe6 Qc3 57. Nf5+ Kh7 58. Qf7+ Kh8
59. Qf8+ Kh7 60. Qh6+ {
1-0 (60) Hillarp Persson,T (2461)-De Firmian,N (2551) Copenhagen 2002}) (11...
Re8) (11... h5) (11... Qc7) (11... b6) 12. Bf4 (12. Be3 Rb8 13. Qd2 Nc7 14. f4
(14. Bg5 Bf6 15. Bxf6 Qxf6 16. f4 Qg7 17. Kh1 Kh8 18. Rab1 h5 19. e5 dxe5 20.
f5 Ne8 21. Nge4 b6 22. fxg6 fxg6 23. Ng5 Ndf6 24. Qe3 Qe7 25. Ne6 Bxe6 26. dxe6
Ng7 27. Qh3 Qxe6 28. Qxe6 Nxe6 29. Bxa6 Nd4 30. h3 h4 31. b4 Nd7 32. Rfd1 Rfd8
33. Ne4 Ra8 34. Bb5 Nxb5 35. axb5 cxb4 36. Ng5 {
1/2-1/2 (36) Vakhidov,J (2396)-Akhmetov,A (2211) Tashkent 2012}) (14. Rab1 b5
15. axb5 Nxb5 16. Nxb5 axb5 17. f4 Re8 18. e5 dxe5 19. f5 c4 20. Rbd1 e4 21.
Kh1 Ra8 22. d6 Bb7 23. Bh6 Be5 24. Bg4 f6 25. fxg6 hxg6 26. Bf5 gxf5 27. Nxf5
Kf7 28. Qe2 Rg8 29. Qh5+ Ke6 30. Qh3 Kf7 31. Qh5+ Ke6 32. Bg7 Nc5 33. Qh3 Nd3
34. Nh6+ Kxd6 35. Nf7+ Ke7 36. Nxd8 Raxd8 37. Qh7 Nf2+ 38. Kg1 e3 39. Rxd8 Rxd8
40. Bxf6+ Kxf6 41. Qh4+ Ke6 42. Qxd8 Be4 43. Qe8+ Kd6 44. Qb8+ Kd5 45. Qxb5+
Kd4 46. Rxf2 exf2+ 47. Kxf2 Bd3 48. h4 Ke4 49. Qb7+ Kd4 50. h5 Kc5 51. h6 {
1-0 (51) Demanghon,J (2128)-Calotescu,A (2298) France 2005}) 14... b5 15. e5
bxa4 16. Nxa4 Re8 17. Kh1 dxe5 18. f5 Nf6 19. d6 Ncd5 20. Bxc5 Nf4 21. fxg6
hxg6 22. Bc4 Bb7 23. Rxf4 exf4 24. Qxf4 Bd5 25. Rf1 Bxc4 26. Qxc4 Qa5 27. Nc3
Rxb2 28. d7 Nxd7 29. Qxf7+ Kh7 30. Bd4 Rg8 31. Qxd7 Qd8 32. Qh3+ Bh6 33. Rf7+ {
1-0 (33) Czarnota,D (2229)-Souleidis,G (2411) Stockholm 2011}) (12. Qc2 Rb8 13.
b3 Qh4 14. Bb2 Bd4 15. Nb1 Ne5 16. Nd2 Bxb2 17. Qxb2 Qf4 18. Nc4 f6 19. Qd2
Qxd2 20. Nxd2 Nc7 21. Rfc1 a5 22. f4 Nf7 23. Nc4 b6 24. Bf3 Rd8 25. Rd1 Kf8 26.
Rd2 Ba6 27. Re1 Re8 28. Kf2 Re7 29. Nf1 Ne8 30. Nfe3 Bc8 31. Nd1 Bd7 32. Nc3 b5
33. axb5 Bxb5 34. Nxa5 Ra7 35. Ra2 Bd7 36. Rea1 f5 37. exf5 gxf5 38. Ra3 Nf6
39. Nc6 Rxa3 40. Rxa3 Rb6 41. Na5 Ra6 42. Nc4 Rxa3 43. Nxa3 Nd8 44. Nc4 Ke7 45.
Bd1 Nf7 46. Ne3 Nh6 47. h3 Kf7 48. Bc2 Kg7 49. Na4 Be8 50. Nb6 Bf7 51. g3 Kh8
52. Nc8 Nxd5 53. Nxd6 Nxe3 54. Kxe3 Bd5 55. Ne8 Bg2 56. h4 Bc6 57. Nc7 Ng4+ 58.
Kd2 Nf6 59. Ne6 Nh5 {0-1 (59) Hoelzl,F (2440)-Mahdy,K (2400) Moesern 1997})
12... Ne5 13. Qd2 Rb8 14. Bh6 f6 (14... Bxh6 15. Qxh6 f6 16. Qd2 Bd7 17. a5 Nc7
18. f4 Nf7 19. Nd1 Nb5 20. Bxb5 Bxb5 21. Rf2 Qd7 22. Ne3 Rbe8 23. Qc3 Nh6 24.
h3 Qg7 25. f5 Re5 26. b4 Rc8 27. Kh2 g5 28. Rc1 Qf8 29. Rd2 Qe8 30. bxc5 Rxc5
31. Qa3 Rxc1 32. Qxc1 Qd8 33. Rc2 Kf7 34. Rc8 Qxa5 35. Rh8 Ng8 36. Rxh7+ Kf8
37. Qc8+ Be8 38. Rxb7 Re7 39. Rxe7 Nxe7 40. Qe6 Qc3 41. Nh5 {
1-0 (41) Vernay,C (2381)-Roberson,P (2209) Sibenik 2007}) 15. Bxg7 Kxg7 16. f4
Nf7 17. Rf2 (17. a5) 17... Qa5 18. Raf1 b5 19. axb5 axb5 20. Qe3 c4 21. e5 f5 (
21... dxe5 22. fxe5 Nxe5 23. Rxf6 Nxf6 24. Qxe5 Qb6+ 25. Kh1 Ba6 26. Nce4 Rbe8)
22. e6 Nh6 23. Qd4+ Kg8 24. Rd1 (24. Nce4 fxe4 25. f5 Nxf5 26. Nxf5 gxf5 (26...
Rxf5 27. Rxf5 gxf5 28. Bh5) 27. Bh5 Ng7 28. Bf7+ Kh8 29. Rxf5 Qb6 30. Qxb6 Rxb6
31. e7 Re8 32. Bxe8 Nxf5 (32... Bxf5 33. Bd7) 33. Bd7 Bxd7 34. Rxf5 Kg7 35. Rf8
b4) 24... Qb6 25. Qxb6 Rxb6 26. Ra1 Ba6 27. Nf1 Nc7 28. Ne3 Kg7 29. h3 Ng8 30.
g4 Ne7 31. gxf5 Nxf5 32. Nxf5+ gxf5 33. Re1 Kf6 34. Rg2 b4 35. Na4 Rbb8 36. e7
Rg8 37. Bh5 Rxg2+ 38. Kxg2 Bb5 39. b3 Bxa4 40. bxa4 b3 41. e8=Q Nxe8 42. Re6+
Kg7 43. Re7+ Kh6 (43... Kf8 44. Rf7+ Kg8) 44. Bd1 Nf6 45. Re6 Kg7 46. Rxd6 Ne4
47. Rd7+ Kf6 48. Bh5 Rg8+ 49. Kf1 Ng3+ 50. Kf2 Nxh5 0-1

[Event "Mechanics' Winter TNM; 30/90, SD/30"]
[Site "San Francisco"]
[Date "2015.02.24"]
[Round "8.5"]
[White "Tsodikova, Natalya"]
[Black "Wong, Russell"]
[Result "1-0"]
[WhiteElo "2170"]
[BlackElo "2215"]
[PlyCount "65"]
[EventDate "2015.??.??"]

1. e4 Nf6 2. Nc3 d5 3. exd5 Nxd5 4. Bc4 Nb6 5. Bb3 c5 6. d3 Nc6 7. Nf3 e6 8.
Bf4 a6 9. O-O Be7 10. Re1 O-O 11. Ne4 Nd5 12. Bg5 b6 13. Qe2 Nd4 14. Nxd4 Bxg5
15. Nc6 Qc7 16. Nxg5 Qxc6 17. Qe4 g6 18. Qh4 h5 19. Ne4 Bb7 20. Qg5 Kg7 21. c4
f6 22. cxd5 exd5 23. Qg3 dxe4 24. dxe4 c4 25. Bc2 Rad8 26. e5 f5 27. e6 Rde8
28. e7 Rf7 29. Rad1 Rexe7 30. f3 Qc5+ $17 31. Kf1 f4 $4 32. Qxg6+ Kf8 33. Rd8+
1-0

[Event "Mechanics' Fall TNM; G/2"]
[Site "San Francisco"]
[Date "2015.12.15"]
[Round "9.3"]
[White "Tsodikova, Natalya"]
[Black "Wong, Russell"]
[Result "1-0"]
[WhiteElo "2164"]
[BlackElo "2200"]
[Annotator "Donaldson"]
[PlyCount "87"]
[EventDate "2015.??.??"]

1. d4 f5 2. c4 g6 3. Nf3 Bg7 4. g3 Nf6 5. Bg2 d6 6. O-O O-O 7. Nc3 c6 8. d5 c5
(8... e5 {is the most popular move here.}) 9. Qd3 Na6 10. a3 Nc7 11. Rd1 Qe8
12. b4 b5 13. cxb5 Ne4 14. Bd2 Bd7 15. Rac1 Nxd2 16. Qxd2 cxb4 17. axb4 Bxb5
18. Nxb5 Nxb5 19. Rc6 e5 20. e3 Qe7 21. Bf1 Nc7 22. Rdc1 Ne8 23. b5 g5 24. Ne1
f4 25. Bh3 Kh8 26. e4 g4 27. Bxg4 Bh6 28. R1c2 Qg7 29. Qe2 Bg5 30. Bf5 Qh6 31.
Ra2 Ng7 32. Bg4 Qg6 33. Nd3 h5 34. Bf3 fxg3 35. hxg3 h4 36. g4 Bf4 37. Rc7 h3
38. Raxa7 Rxa7 39. Rxa7 h2+ 40. Kh1 Qg5 41. b6 Nh5 42. b7 Qh4 43. gxh5 Rg8 44.
Ra8 1-0

[Event "Mechanics' Winter TNM; 30/90, SD/30"]
[Site "San Francisco"]
[Date "2015.01.13"]
[Round "2.18"]
[White "Uzzaman, Ashik"]
[Black "Agdamag, Samuel"]
[Result "1-0"]
[WhiteElo "1938"]
[BlackElo "1493"]
[PlyCount "49"]
[EventDate "2015.??.??"]

1. e4 c5 2. Nc3 a6 3. f4 d6 4. Nf3 Bg4 5. Be2 Nc6 6. O-O Nf6 7. d3 Bxf3 8. Bxf3
Nd4 9. e5 Nxf3+ 10. Qxf3 Nd7 11. exd6 exd6 12. Re1+ Be7 13. Nd5 O-O 14. Nxe7+
Kh8 15. Nf5 Qf6 16. Ng3 b5 17. Ne4 Qd4+ 18. Kh1 Rfe8 19. c3 Qd5 20. Bd2 h6 21.
b3 Nf8 22. c4 bxc4 23. dxc4 Qc6 24. Bc3 Kh7 25. Nf6+ 1-0

[Event "Mechanics' Fall TNM; G/2"]
[Site "San Francisco"]
[Date "2015.10.27"]
[Round "2.12"]
[White "Uzzaman, Ashik"]
[Black "Chea, Na"]
[Result "1/2-1/2"]
[WhiteElo "2057"]
[BlackElo "1613"]
[Annotator "Donaldson"]
[PlyCount "94"]
[EventDate "2015.??.??"]

1. e4 c6 2. d4 d5 3. exd5 cxd5 4. Bd3 Nf6 5. Ne2 Nc6 6. c3 e6 7. O-O Be7 8. Re1
O-O 9. Nd2 e5 10. Nf1 exd4 11. Nxd4 Nxd4 12. cxd4 Be6 13. Bd2 Rc8 14. Bc3 Qd7
15. Ng3 Bd6 16. Nh5 Nxh5 17. Qxh5 g6 18. Qh6 Rfe8 19. Re3 Bf8 20. Qf4 Qd6 21.
Qf3 a6 22. Rae1 Bd7 23. h4 Rxe3 24. Rxe3 Re8 25. Re5 Be6 26. h5 Bg7 27. hxg6
hxg6 28. Rg5 Bh6 29. Re5 Bg7 30. Re1 Bd7 31. Rd1 Bc6 32. Bc2 Qf6 33. Qg4 Qe6
34. Qg3 Qf6 35. Rd3 Bb5 36. Rf3 Qd8 37. Qf4 Qd7 38. Rh3 Qe7 39. Rh1 Qe2 40. Qh4
Qxc2 41. Qh7+ Kf8 42. Bb4+ Re7 43. Rh3 (43. Bxe7+ Kxe7 44. Qxg7 Qc1+ 45. Kh2
Qf4+ $11) 43... Qc1+ 44. Kh2 Qf4+ 45. Kh1 Qc1+ 46. Kh2 Qf4+ 47. Kh1 Qc1+
1/2-1/2

[Event "Mechanics' Fall TNM; G/2"]
[Site "San Francisco"]
[Date "2015.11.10"]
[Round "4.11"]
[White "Uzzaman, Ashik"]
[Black "Flores, David"]
[Result "1-0"]
[WhiteElo "2026"]
[BlackElo "1836"]
[PlyCount "53"]
[EventDate "2015.??.??"]

1. e4 e5 2. f4 exf4 3. Nf3 d6 4. d4 g5 5. Bc4 h6 6. Nc3 c6 7. h4 Bg7 8. g3 g4 {
Diagram [#]} 9. Bxf4 {I'm sure some opening search would tell me if this is
the way to play, but I don't need to know -- classic King's Gambit!} gxf3 10.
Qxf3 Nf6 11. O-O-O O-O 12. Rd2 Qe7 13. e5 Ne8 14. g4 d5 15. Bd3 f5 16. g5 Qe6
17. Rg2 Kh8 18. Qh5 Rg8 19. g6 Rf8 20. Bxh6 Nf6 21. exf6 Rxf6 22. Bxg7+ Kxg7
23. Qh7+ Kf8 24. g7+ Ke8 25. g8=Q+ Rf8 26. Qxe6+ Bxe6 27. Re1 1-0

[Event "Mechanics' Spring TNM; G/2"]
[Site "San Francisco"]
[Date "2015.03.24"]
[Round "2.13"]
[White "Uzzaman, Ashik"]
[Black "Handler, Andrew"]
[Result "1-0"]
[WhiteElo "2045"]
[BlackElo "1672"]
[PlyCount "83"]
[EventDate "2015.??.??"]

1. e4 c5 2. Nc3 Nc6 3. f4 g6 4. Nf3 Bg7 5. Bb5 Nd4 6. O-O Nxb5 7. Nxb5 d5 8.
exd5 a6 9. Nc3 Nf6 10. d4 Nxd5 11. dxc5 Nxc3 12. Qxd8+ Kxd8 13. bxc3 Bxc3 14.
Rd1+ Kc7 15. Rb1 Bf5 16. Bb2 Bxb2 17. Rxb2 Bg4 18. Kf2 Bxf3 19. Kxf3 Rhd8 20.
Rdb1 Rab8 21. c4 Kc6 22. Rb6+ Kxc5 23. Rxb7 Rxb7 24. Rxb7 Kxc4 25. Rxe7 Rd3+
26. Ke2 Ra3 27. Rxf7 Rxa2+ 28. Kf3 h5 29. Rf6 Ra3+ 30. Ke4 a5 31. Rc6+ Kb5 32.
Rxg6 a4 33. Rg5+ Kb4 34. Rxh5 Ra1 35. Rh8 a3 36. Ra8 a2 37. Kf5 Kb3 38. g4 Rh1
39. g5 Rxh2 40. g6 Rg2 41. Kf6 Kb2 42. f5 1-0

[Event "Mechanics' Fall TNM; G/2"]
[Site "San Francisco"]
[Date "2015.11.03"]
[Round "3.12"]
[White "Uzzaman, Ashik"]
[Black "Handler, Andrew To"]
[Result "1-0"]
[WhiteElo "2057"]
[BlackElo "1730"]
[PlyCount "103"]
[EventDate "2015.??.??"]

1. e4 c5 2. Nc3 Nc6 3. f4 a6 4. Nf3 e6 5. g3 d5 6. Bg2 Nf6 7. exd5 exd5 8. O-O
Be7 9. d4 c4 10. Ne5 O-O 11. Kh1 Bd7 12. Nxd5 Nxd5 13. Bxd5 Bh3 14. Bxc6 bxc6
15. Rf2 Qd5+ 16. Qf3 Qxd4 17. Nxc6 Qd7 18. Nxe7+ Qxe7 19. Bd2 Rab8 20. Re1 Qb7
21. Qxb7 Rxb7 22. Bc3 f6 23. Rd2 Rb6 24. Kg1 Kf7 25. Kf2 Re8 26. Rxe8 Kxe8 27.
Kf3 Be6 28. Ke4 Kf7 29. f5 Bc8 30. Rd8 Bb7+ 31. Kd4 Ke7 32. Rh8 Rc6 33. Rxh7
Kf7 34. Rh8 Rc8 35. Rxc8 Bxc8 36. g4 Bb7 37. h4 Bf3 38. g5 fxg5 39. hxg5 Bg4
40. Kxc4 Bxf5 41. Kb3 g6 42. Bf6 Ke6 43. c4 Kd6 44. Kb4 Kc6 45. Ka5 Kb7 46. c5
Be6 47. b3 Bf5 48. Bd4 Bc2 49. b4 Bb1 50. a4 Bc2 51. b5 axb5 52. axb5 1-0